000 00359nam a2200145Ia 4500
008 230312s9999||||xx |||||||||||||| ||und||
082 _a658.84
_bCAT
100 _aCateora, Philip R
245 0 _aInternational Marketing
260 _bMcGraw Hill
_aLondon
_c1999
300 _a721
546 _aEng.
650 _aManagement
_vSupplementary Material
942 _cBK
999 _c275
_d275